000 00604nam a2200217Ia 4500
008 220216s9999 xx 000 0 und d
100 _aBik J M
245 0 _aElectron beam crosslinking of hydrogenated acrylonitrile-butadiene rubber
260 _bKautschuk Gummi Kunststoffe
_c2004
300 _a651-655
650 _aChain scission
650 _aCrosslinking
650 _aElastomers
650 _aElectron beam
650 _aHydrogenated acrylonitrile-butadiene rubber
650 _aRadiation
700 _aGtuszewski W
700 _aRzymski W M
700 _aZagorski Z P
942 _cJS
999 _c58523
_d58523